Larválna terápia - Nová biotechnologická metóda na liečbu ťažko liečiteľných povrchových rán bakalárska práca
Salvato in:
| Autore principale: | |
|---|---|
| Natura: | Libro |
| Lingua: | slovacco |
| Pubblicazione: |
Bratislva
STU FCHPT
2017
|
| Accesso online: | Visualizza in OPAC |
| Tags: |
Nessun Tag, puoi essere il primo ad aggiungerne!!
|
MARC
| LEADER | 00000nam a2200000 a 4500 | ||
|---|---|---|---|
| 005 | 20260127133958.0 | ||
| 008 | 171020 2017 xo 000 0 slo d | ||
| 035 | |a vtls011716506 | ||
| 039 | 9 | |y 201710200918 |z mschk03 | |
| 040 | |a STUSCHK1 |b slo |c STUSCHK1 |e AACR2 | ||
| 100 | 1 | |a Búdová, Natália | |
| 245 | 1 | |a Larválna terápia - Nová biotechnologická metóda na liečbu ťažko liečiteľných povrchových rán |b bakalárska práca |c Natália Búdová | |
| 260 | |a Bratislva |b STU FCHPT |c 2017 | ||
| 300 | |a 35 s. |b il. |c 25 cm | ||
| 500 | |a Študijný program: Biotechnológia a potravinárska technológia | ||
| 500 | |a Študijný odbor: Biotechnológia | ||
| 500 | |a Školiace pracovisko: Ústav biochémie a mikrobiológie | ||
| 500 | |a Evid. číslo: FCHPT-13567-63643 | ||
| 910 | |a SCHK95 | ||
| 999 | |c 1370 |d 1370 | ||